Najtrudniejszy quiz z flag - Statystyki

Ogólne statystyki
  • Ten quiz został rozwiązany 87 razy
  • Średni wynik to 2 z 8
Statystyki odpowiedzi
Obrazkowy Odpowiedź % Poprawnych
Albuquerque
59%
Ceuta
49%
Madera
46%
Melilla
9%
Virumma Zachodnia
9%
Juan Fernandez
4%
San Andrés i Providencia
3%
Rio Grande do Norte
1%
Nie znaleziono quizów pasujących do podanych kryteriów
Rozkład punktacji
Procent ludzi z każdym wynikiem
Percentyl według liczby udzielonych odpowiedzi
Twoja historia wyników
Nie rozwiązałeś tego quizu